000 00686cam a22002172 4500
001 0000007480
005 20151217145838.0
008 080207s xx 000 0 eng d
020 _a0421599200 :
_cKES
040 _aKABU
_cKABU
100 1 _aHaley, Michael.
_@0000158682
245 1 0 _aEquity & trusts /
_cMichael Haley and Lara McMurtry.
260 _aLondon :
_bSweet & Maxwell,
_c2006.
300 _axciii, 566 p.
650 0 _aTrusts and trustees
_zGreat Britain.
_@0000158683
650 0 _aEquity
_zGreat Britain.
_@0000158684
700 1 _aMcMurtry, Lara.
_@0000158685
852 1 _9p4720 KSH
908 _a080207
950 _@1
999 _c3210
_d3210